कुंडलिनी एक अलौकिक शक्ती (Record no. 338292)

MARC details
000 -LEADER
fixed length control field 00651nam a2200169Ia 4500
008 - FIXED-LENGTH DATA ELEMENTS--GENERAL INFORMATION
fixed length control field 090711s9999 xx 000 0 und d
082 ## - DEWEY DECIMAL CLASSIFICATION NUMBER
Item number 1289
100 ## - MAIN ENTRY--PERSONAL NAME
Personal name िSाात्लिया Sोतन
245 ## - TITLE STATEMENT
Title कुंडलिनी एक अलौकिक शक्ती
260 ## - PUBLICATION, DISTRIBUTION, ETC. (IMPRINT)
Name of publisher, distributor, etc मनोरमा प्रकाशन
Date of publication, distribution, etc 2000
300 ## - PHYSICAL DESCRIPTION
Extent 47
600 ## - SUBJECT ADDED ENTRY--PERSONAL NAME
Personal name िSाात्लिया Sोतन
630 ## - SUBJECT ADDED ENTRY--UNIFORM TITLE
Uniform title कुंडलिनी एक अलौकिक शक्ती
700 ## - ADDED ENTRY--PERSONAL NAME
Personal name िSाात्लिया Sोतन
730 ## - ADDED ENTRY--UNIFORM TITLE
Uniform title कुंडलिनी एक अलौकिक शक्ती
942 ## - ADDED ENTRY ELEMENTS (KOHA)
Koha item type Book

No items available.